00420nam a2200145 a 4500008004100000020001800041050001500059100001500074245005900089250001800148260001700166300003300183650002000216650003800236211026s2013 ||||||||||||||||| || u a9781446209042 aHM 741 Sco aScott John10aSocial network analysis (Third edition)cBy John Scott aThird edition aLondonc2013 ax, 201 pages : illustrations 0aSOCIAL NETWORKS aSOCIAL SCIENCES--NETWORK ANALYSIS